000 01165nam0a22002411 4500
001 rc\842153
005 20260406185615.0
035 _a(NLR Aleph) 006023428
090 _a7452057
_c7452057
100 _a20041129d1984 |||y0rusy50 ca
101 0 _arus
102 _aRU
105 _ay |||||||||
200 1 _aМЕТОДИЧЕСКИЕ рекомендации по применению активных методов обучения
_e(Из опыта работы преподавателей каф. философии и атеизма)
_fПодол. фил. Ун-та марксизма-ленинизма МК КПСС. Каф. марксист.-ленин. философии и науч. атеизма
_g[Подгот. Пандре Р.В., к. филос. н. и др.]
210 _aПодольск
_cБ. и.
_d1984
215 _a20 с.
_d22
702 1 _aПандре
_bР.В.
_4570
712 0 2 _aУниверситет марксизма-ленинизма
_cМосква
_bПодольский филиал
_3RU\NLR\AUTH\889951277
_9398532
801 0 _aRU
_bNLR
_gpsbo
801 1 _aRU
_bELAR
_2rusmarc
852 _aNLR
_j87-6/1768
942 _cBOOK
980 _aNB